Normal view
MARC view
Entry Personal Name
001 - CONTROL NUMBER
- control field: 53906
003 - CONTROL NUMBER IDENTIFIER
- control field: OSt
005 - DATE AND TIME OF LATEST TRANSACTION
- control field: 20250529113533.0
008 - FIXED-LENGTH DATA ELEMENTS
- fixed length control field: 250529|| aca||aabn | a|a d
040 ## - CATALOGING SOURCE
- Original cataloging agency: OSt
- Transcribing agency: OSt
100 ## - HEADING--PERSONAL NAME
- Personal name: Schiff, Kaylyn Jackson, et al
670 ## - SOURCE DATA FOUND
- Source citation: Work cat.: (OSt): Schiff, Kaylyn Jackson, et al , Institutional factors driving citizen perceptions of AI in government: Evidence from a survey experiment on policing
